Estudio de la productividad primaria de las aguas en la Zona Norte de Chile: MarChile XIII-Erfen IV

Gorde:
Xehetasun bibliografikoak
Egile nagusia: Ramírez Reyes, Boris Alberto (autor)
Formatua: Liburua
Hizkuntza:gaztelania
Argitaratua: Valparaíso Universidad Católica de Valparaíso 1985
Saila:Estudios y Documentos, 4
Gaiak:
Etiketak: Etiketa erantsi
Etiketarik gabe, Izan zaitez lehena erregistro honi etiketa jartzen!

MARC

LEADER 00000nam a2200000 a 4500
001 UCT1620
003 CL-VaPUC
008 960927e19850000CL |||||||||||||||||spa|d
082 0 4 |a 551.460  |b UNI  |2 21 
100 |a Ramírez Reyes, Boris Alberto   |e autor  |9 746799 
245 1 0 |a Estudio de la productividad primaria de las aguas en la Zona Norte de Chile: MarChile XIII-Erfen IV 
300 |a 36 p 
942 |c BK 
945 |d 19960927 00:00:00  |a paguirre 
260 |a Valparaíso  |b Universidad Católica de Valparaíso  |c 1985 
650 0 |a Océanos   |9 344473 
650 0 |a Océano pacífico  |9 259948 
650 0 |a Recursos marinos  |9 261196 
650 0 |a Recursos naturales  |9 255232 
651 7 |a CHILE  |2 CL-VaPUC  |9 370578 
651 7 |a ANTOFAGASTA  |2 CL-VaPUC  |9 319270 
583 |a last modification  |c 19960927 00:00:00  |k Rodrigo Vera 
490 0 |a Estudios y Documentos, 4 
999 |c 252092  |d 252090